[Event "It"]
[Site "Oslo (Norway)"]
[Date "1973.??.??"]
[Round "10"]
[White "Zwaig Arne (NOR)"]
[Black "Lundin Erik (SWE)"]
[Result "1-0"]
[WhiteElo "2439"]
[BlackElo "2375"]
[Annotator ""]
[Source ""]
[Remark ""]

1.e4 e5 2.Nf3 Nc6 3.Bc4 Nf6 4.d3 Bc5 5.Bg5 h6 6.Bh4 d6 7.Nc3
Be6 8.Bxe6 fxe6 9.Na4 Bb6 10.Nxb6 axb6 11.Nd2 O-O 12.c3 Qd7 13.Qe2
b5 14.O-O b4 15.Bg3 bxc3 16.bxc3 Ra3 17.Rfc1 Rfa8 18.Nc4 R3a4
19.Rcb1 b5 20.Ne3 b4 21.cxb4 Nxb4 22.a3 Nc6 23.Nc4 Nd4 24.Qa2
Kh7 25.f3 Nh5 26.Bf2 Nf4 27.Bxd4 exd4 28.Qd2 e5 29.g3 Nh3+ 30.Kh1
Rf8 31.Rf1 g5 32.Rab1 h5 33.Qc2 Raa8 34.Rb7 Qc6 35.Qb1 g4 36.Nxe5
dxe5 37.Rc1 Qf6 38.Rcxc7+ Kg6 39.f4 exf4 40.Rb6 Rxa3 41.e5 Qxb6
42.Qxb6+ Kf5 43.Qxd4 Nf2+ 44.Kg1 Nh3+ 45.Kf1 fxg3 46.hxg3 h4
47.Ke1 hxg3 48.Qe4+ 1-0

[Event "It"]
[Site "Oslo (Norway)"]
[Date "1973.??.??"]
[Round "6"]
[White "Johannessen Svein (NOR)"]
[Black "Hoen Ragnar (NOR)"]
[Result "1/2-1/2"]
[WhiteElo "2273"]
[BlackElo "2385"]
[Annotator ""]
[Source ""]
[Remark ""]

1.d4 d5 2.Nf3 Nf6 3.c4 e6 4.Bg5 Be7 5.Nc3 b6 6.Bxf6 Bxf6 7.e4
dxe4 8.Nxe4 Bb7 9.Qa4+ Bc6 10.Qc2 O-O 11.Rd1 Qe7 12.a3 Nd7 13.Bd3
Bb7 14.O-O c5 15.d5 exd5 16.cxd5 Bxd5 17.Rfe1 Be6 1/2-1/2

[Event "It"]
[Site "Oslo (Norway)"]
[Date "1973.??.??"]
[Round "2"]
[White "Johannessen Svein (NOR)"]
[Black "Kovacevic Vlatko (CRO)"]
[Result "1-0"]
[WhiteElo "2273"]
[BlackElo "2485"]
[Annotator ""]
[Source ""]
[Remark ""]

1.d4 Nf6 2.c4 d6 3.Nc3 e5 4.Nf3 Nbd7 5.Bg5 Be7 6.Qc2 c6 7.Rd1
Qa5 8.Bh4 a6 9.e3 b5 10.a3 b4 11.axb4 Qxb4 12.dxe5 Nxe5 13.Nxe5
dxe5 14.Bg3 Bg4 15.f3 Be6 16.Bxe5 O-O 17.Kf2 Nd7 18.Bd4 Rfe8
19.Bd3 h6 20.Ne4 c5 21.Bc3 Qb8 22.Ng3 Ne5 23.Bh7+ Kh8 24.b3 Bf8
25.Be4 Ra7 26.Qb2 f6 27.Bxe5 fxe5 28.Qc3 Bf7 29.Rd2 a5 30.Ra1
Be7 31.Nf5 Bf6 32.Nd6 Rd8 33.Nb5 Ra6 34.Rxa5 Rxa5 35.Qxa5 Rxd2+
36.Qxd2 Qc8 37.Qd6 Bh4+ 38.Ke2 Bf6 39.Na7 Qd8 40.Qxc5 Be7 41.Nc6 1-0

[Event "It"]
[Site "Oslo (Norway)"]
[Date "1973.??.??"]
[Round "8"]
[White "Zwaig Arne (NOR)"]
[Black "Ogaard Leif (NOR)"]
[Result "0-1"]
[WhiteElo "2439"]
[BlackElo "2414"]
[Annotator ""]
[Source ""]
[Remark ""]

1.e4 c5 2.Nf3 Nc6 3.d4 cxd4 4.Nxd4 e6 5.Be3 Nf6 6.Nc3 Bb4 7.Bd3
d5 8.Nxc6 bxc6 9.e5 d4 10.O-O dxe3 11.exf6 exf2+ 12.Rxf2 Bc5
13.Ne4 Bxf2+ 14.Kxf2 gxf6 15.Qf3 f5 16.Nf6+ Ke7 17.Qxc6 Qb6+
18.Qxb6 axb6 19.Nh5 Rd8 20.a3 Ba6 21.Nf4 Bxd3 22.Nxd3 Rac8 23.Ne1
Rd2+ 24.Ke3 Rcd8 25.a4 Rd1 26.Rxd1 Rxd1 27.Nd3 Kd6 28.b3 f6 29.h3
e5 30.Ke2 Ra1 31.Kd2 e4 32.Nf4 Rf1 33.g3 Rf3 34.Ne2 f4 35.gxf4
Rxh3 36.Nd4 Kd5 37.Nf5 Rf3 38.b4 Rxf4 39.Ne3+ Kc6 40.c4 h5 41.c5
bxc5 42.b5+ Kb7 43.Ke2 Rf3 44.Nc4 Rd3 45.a5 Rd4 46.a6+ Ka7 47.Na5
Kb6 0-1

[Event "It"]
[Site "Oslo (Norway)"]
[Date "1973.??.??"]
[Round "10"]
[White "Johannessen Svein (NOR)"]
[Black "Kristinsson Jon (ISL)"]
[Result "1/2-1/2"]
[WhiteElo "2273"]
[BlackElo "2290"]
[Annotator ""]
[Source ""]
[Remark ""]

1.e4 e5 2.Nf3 Nc6 3.Be2 Nf6 4.d3 Be7 5.O-O O-O 6.Nbd2 d6 7.c3
Bg4 8.Re1 Re8 9.Nf1 d5 10.Qc2 h6 11.Ng3 Bf8 12.h3 Be6 13.Bf1
Qd7 14.b4 a6 15.a3 Nh7 16.c4 dxc4 17.dxc4 f6 18.Nf5 Ng5 19.Bxg5
hxg5 20.c5 g6 21.Ne3 Red8 22.Rad1 Qf7 23.Bc4 Bxc4 24.Nxc4 Kg7
25.Ne3 Nd4 26.Nxd4 Rxd4 27.Rxd4 exd4 28.Nc4 Rd8 29.Qd3 Qe6 30.Ne3
Be7 31.Nc2 b6 32.cxb6 Qxb6 33.e5 c5 34.exf6+ Bxf6 35.bxc5 Qxc5
36.Rd1 Kh6 37.Ne1 a5 38.Nf3 Qf5 39.g4 Qf4 40.Kg2 Rc8 41.Qe2 Rc3
42.Rd3 a4 43.Rxc3 dxc3 44.Ne1 Be5 45.Qe3 Qh2+ 46.Kf1 Qh1+ 47.Ke2
Qd5 48.Nc2 Qc4+ 49.Qd3 Qc6 50.Qf3 1/2-1/2

[Event "It"]
[Site "Oslo (Norway)"]
[Date "1973.??.??"]
[Round "4"]
[White "Johannessen Svein (NOR)"]
[Black "Ogaard Leif (NOR)"]
[Result "1/2-1/2"]
[WhiteElo "2273"]
[BlackElo "2414"]
[Annotator ""]
[Source ""]
[Remark ""]

1.Nf3 Nf6 2.c4 g6 3.b3 Bg7 4.Bb2 O-O 5.g3 d6 6.Bg2 e5 7.O-O Nbd7
8.d3 Re8 9.e4 c6 10.Nc3 a6 11.Ne1 b5 12.Nc2 Nc5 13.b4 Ne6 14.a4
Bd7 15.axb5 axb5 16.Rxa8 Qxa8 17.cxb5 cxb5 18.d4 Qa7 19.dxe5
dxe5 20.Nd5 Nxd5 21.exd5 Nd4 1/2-1/2

[Event "It"]
[Site "Oslo (Norway)"]
[Date "1973.??.??"]
[Round "5"]
[White "Kovacevic Vlatko (CRO)"]
[Black "Lundin Erik (SWE)"]
[Result "1-0"]
[WhiteElo "2485"]
[BlackElo "2375"]
[Annotator ""]
[Source ""]
[Remark ""]

1.Nf3 d5 2.c4 e6 3.b3 Nf6 4.Bb2 c5 5.e3 Bd6 6.g3 Nc6 7.Bg2 O-O
8.O-O dxc4 9.bxc4 e5 10.d3 Re8 11.Nc3 h6 12.Nd5 Bf8 13.Rb1 Be6
14.Nxf6+ gxf6 15.Qe2 Bf5 16.Ne1 Qd7 17.Bd5 Bg4 18.f3 Be6 19.e4
Bxd5 20.cxd5 Nd4 21.Qd2 f5 22.Ng2 Qa4 23.Ne3 Qxa2 24.Ra1 Qb3
25.Bxd4 cxd4 26.Nxf5 Qc3 27.Qd1 Qc7 28.f4 Kh8 29.Qh5 Kh7 30.Rac1
Qd7 31.d6 Rac8 32.Rxc8 Rxc8 33.fxe5 Qe6 34.Nxd4 1-0

[Event "It"]
[Site "Oslo (Norway)"]
[Date "1973.??.??"]
[Round "3"]
[White "Kovacevic Vlatko (CRO)"]
[Black "Ogaard Leif (NOR)"]
[Result "1/2-1/2"]
[WhiteElo "2485"]
[BlackElo "2414"]
[Annotator ""]
[Source ""]
[Remark ""]

1.d4 Nf6 2.Nc3 d5 3.Bg5 Bf5 4.f3 Bg6 5.e3 e6 6.Bd3 c5 7.f4 Bxd3
8.Qxd3 Nbd7 9.Nge2 Be7 10.O-O O-O 11.Ng3 Rc8 12.Nce2 g6 13.c3
Ne8 14.Bxe7 Qxe7 15.e4 dxe4 16.Nxe4 Nef6 17.N2g3 Rfd8 18.Rad1
Nxe4 19.Nxe4 Nf6 20.Qe3 cxd4 21.Rxd4 Rxd4 22.Qxd4 Nxe4 23.Qxe4
Qc5+ 24.Kh1 Qb5 25.Rf2 Rd8 26.g4 Rd1+ 27.Kg2 Qd7 28.f5 exf5 29.gxf5
Rd5 30.h4 Qc6 31.Kh3 Qd7 32.Kg2 gxf5 33.Qe3 Qe6 34.Qxa7 Qe4+
35.Kh2 Qxh4+ 36.Kg2 Qg5+ 37.Kh2 Qh6+ 38.Kg2 Qg6+ 39.Kf1 Rd1+
40.Ke2 Qg4+ 41.Rf3 Qe4+ 42.Kxd1 Qxf3+ 43.Ke1 f4 44.Qg1+ Qg3+
45.Kf1 h5 46.a4 h4 47.a5 h3 48.b4 Kh7 49.Qxg3 fxg3 50.b5 f5 51.a6
bxa6 52.bxa6 h2 53.Kg2 f4 54.a7 f3+ 55.Kxg3 h1Q 56.a8Q Qg1+ 57.Kh3
Qg2+ 58.Kh4 Qh2+ 59.Kg4 Qg1+ 60.Kh3 Qe3 61.Qb7+ Kg6 62.Qc6+ Kf5
63.Qd5+ Kf4 64.Qf7+ Ke4 65.Qh7+ Kd5 66.Qf7+ Kc6 67.Qc4+ 1/2-1/2

[Event "It"]
[Site "Oslo (Norway)"]
[Date "1973.??.??"]
[Round "11"]
[White "Kovacevic Vlatko (CRO)"]
[Black "Poulsson Eivind (NOR)"]
[Result "1/2-1/2"]
[WhiteElo "2485"]
[BlackElo "2340"]
[Annotator ""]
[Source ""]
[Remark ""]

1.Nf3 c5 2.c4 g6 3.d4 Bg7 4.e4 cxd4 5.Nxd4 Nc6 6.Be3 Nf6 7.Nc3
d6 8.f3 O-O 9.Qd2 Nxd4 10.Bxd4 Be6 11.Nd5 Nd7 12.Bxg7 Kxg7 13.Nf4
Ne5 14.b3 Qb6 15.h4 a5 16.h5 Qb4 17.Rc1 Qxd2+ 18.Kxd2 Rfc8 19.h6+
Kf8 20.Be2 a4 21.Nxe6+ fxe6 22.b4 Nc6 23.a3 Nd4 24.Rc3 e5 25.Rf1
g5 26.g3 Ne6 27.f4 gxf4 28.Bg4 Kf7 29.gxf4 exf4 30.Bxe6+ Kxe6
31.Rxf4 Rg8 32.Rh3 Rg2+ 33.Kd3 Ra2 34.Kd4 Rd2+ 35.Rd3 Rh2 36.Rff3
Rg8 37.Rh3 Rc2 38.Rh5 Rg4 39.c5 Re2 40.cxd6 exd6 41.Re3 Rxe3
42.Kxe3 Rg3+ 43.Kd4 1/2-1/2

[Event "It"]
[Site "Oslo (Norway)"]
[Date "1973.??.??"]
[Round "9"]
[White "Kovacevic Vlatko (CRO)"]
[Black "Wibe Terje (NOR)"]
[Result "1-0"]
[WhiteElo "2485"]
[BlackElo "2310"]
[Annotator ""]
[Source ""]
[Remark ""]

1.Nf3 Nf6 2.c4 g6 3.b3 Bg7 4.Bb2 O-O 5.g3 c6 6.Bg2 d5 7.O-O Bf5
8.d3 Qc8 9.Re1 Bh3 10.Bh1 Qf5 11.Nbd2 Bh6 12.e4 dxe4 13.Nxe4
Ng4 14.Ba3 Bg7 15.d4 c5 16.Bxc5 Nc6 17.Neg5 b6 18.Nxh3 bxc5 19.Nh4
Qh5 20.Bxc6 Rad8 21.Nf4 Qg5 22.Nf3 Qh6 23.h3 e5 24.hxg4 exf4
25.gxf4 Qh3 26.Ng5 Qc3 27.Rc1 Qxd4 28.Qxd4 Rxd4 29.Re4 Rd2 30.Rce1
Bd4 31.R1e2 1-0

[Event "It"]
[Site "Oslo (Norway)"]
[Date "1973.??.??"]
[Round "7"]
[White "Kovacevic Vlatko (CRO)"]
[Black "Zwaig Arne (NOR)"]
[Result "1-0"]
[WhiteElo "2485"]
[BlackElo "2439"]
[Annotator ""]
[Source ""]
[Remark ""]

1.Nf3 d5 2.c4 Nf6 3.cxd5 g6 4.e4 Bg7 5.Nc3 O-O 6.Be2 c6 7.dxc6
bxc6 8.d4 Qb6 9.O-O Rd8 10.Qc2 Na6 11.a3 c5 12.e5 cxd4 13.Na4
Qb7 14.exf6 Bf5 15.Qc4 d3 16.Ng5 exf6 17.Bf3 Rac8 18.Qh4 Qd7
19.Nxh7 Qd4 20.g4 g5 21.Nxf6+ Bxf6 22.Bxg5 Bxg5 23.Qxg5+ Bg6
24.Nc3 Rc5 25.Qe3 Nc7 26.Rad1 Re5 27.Qxd4 Rxd4 28.Rfe1 Rxe1+
29.Rxe1 d2 30.Ra1 Ne6 31.Kf1 Nf4 32.Be2 Nd3 33.f3 Nxb2 34.Kf2
Bc2 35.Ke3 Rd6 36.Nd1 Bxd1 37.Bxd1 Nc4+ 38.Ke2 Rh6 39.Kd3 Ne5+
40.Kxd2 Rxh2+ 41.Ke3 Rh1 42.Rb1 Kg7 43.a4 Nc4+ 44.Kd3 Ne5+ 45.Ke2
Nc4 46.f4 Nb2 47.a5 Rh2+ 48.Kf3 Nxd1 49.Rxd1 Ra2 50.Rd5 Ra4 51.g5
Kg8 52.Rf5 Kg7 53.Ke3 Kg8 54.Kd3 Kg7 55.Ke3 Kg8 56.Kf3 Kg7 57.Kg4
Ra1 58.Rc5 Ra2 59.Kf5 Ra4 60.Ke5 Kg6 61.Rc6+ Kg7 62.Ra6 1-0

[Event "It"]
[Site "Oslo (Norway)"]
[Date "1973.??.??"]
[Round "9"]
[White "Kristiansen Erling (NOR)"]
[Black "Bednarski Jacek B (POL)"]
[Result "1/2-1/2"]
[WhiteElo "2253"]
[BlackElo "2400"]
[Annotator ""]
[Source ""]
[Remark ""]

1.c4 g6 2.Nf3 Bg7 3.g3 c5 4.Bg2 Nc6 5.O-O e6 6.Nc3 Nge7 7.e3
O-O 8.d4 cxd4 9.Nxd4 Nxd4 10.exd4 d5 11.cxd5 Nxd5 12.Nxd5 exd5 1/2-1/2

[Event "It"]
[Site "Oslo (Norway)"]
[Date "1973.??.??"]
[Round "3"]
[White "Kristiansen Erling (NOR)"]
[Black "Hoen Ragnar (NOR)"]
[Result "0-1"]
[WhiteElo "2253"]
[BlackElo "2385"]
[Annotator ""]
[Source ""]
[Remark ""]

1.d4 Nf6 2.c4 g6 3.Nf3 Bg7 4.g3 d6 5.Bg2 O-O 6.O-O Nbd7 7.Nc3
c5 8.e4 cxd4 9.Nxd4 Nc5 10.h3 Bd7 11.Be3 Rc8 12.Rc1 b6 13.Qd2
Re8 14.b4 Ne6 15.Nd5 Nxd4 16.Bxd4 Nxd5 17.exd5 Bxd4 18.Qxd4 Rc7
19.Rfe1 Qc8 20.Kh2 Qa6 21.Qd2 Bf5 22.Bf1 Qc8 23.Qd4 e5 24.dxe6
Bxe6 25.Qxd6 Rd8 26.Qf4 Rcd7 27.Rc2 Rd4 28.Qf6 h5 29.h4 Rd2 30.Rxd2
Rxd2 31.Kg1 Qd7 32.Bh3 Rd1 0-1

[Event "It"]
[Site "Oslo (Norway)"]
[Date "1973.??.??"]
[Round "1"]
[White "Kristiansen Erling (NOR)"]
[Black "Kovacevic Vlatko (CRO)"]
[Result "0-1"]
[WhiteElo "2253"]
[BlackElo "2485"]
[Annotator ""]
[Source ""]
[Remark ""]

1.c4 e5 2.Nf3 e4 3.Nd4 Nc6 4.Nxc6 dxc6 5.Nc3 Nf6 6.g3 Bc5 7.Bg2
Qd4 8.O-O Qxc4 9.b3 Qe6 10.Qc2 Bd4 11.Ba3 Bd7 12.Rac1 Bxc3 13.Qxc3
O-O-O 14.b4 h5 15.b5 h4 16.Bc5 b6 17.bxc6 Qxc6 18.Be7 Qxc3 19.Rxc3
Rde8 20.Bd6 c6 21.d3 Re6 22.Ba3 h3 23.Bh1 exd3 24.e3 c5 25.Rxd3
Bb5 26.Rfd1 Bxd3 27.Rxd3 Rd8 28.Rxd8+ Kxd8 29.Bf3 Rd6 30.Bc1
Ne4 0-1

[Event "It"]
[Site "Oslo (Norway)"]
[Date "1973.??.??"]
[Round "5"]
[White "Kristiansen Erling (NOR)"]
[Black "Kristinsson Jon (ISL)"]
[Result "1-0"]
[WhiteElo "2253"]
[BlackElo "2290"]
[Annotator ""]
[Source ""]
[Remark ""]

1.c4 Nf6 2.Nc3 c5 3.Nf3 d5 4.cxd5 Nxd5 5.g3 Nc6 6.Bg2 Nc7 7.b3
e5 8.Bb2 Be7 9.Rc1 f6 10.O-O O-O 11.Ne1 Bd7 12.Nd3 Rc8 13.f4
exf4 14.Nxf4 b6 15.Ncd5 Qe8 16.d4 Bd6 17.dxc5 Bxc5+ 18.Kh1 Nxd5
19.Nxd5 Bg4 20.b4 Bxe2 21.Qb3 Kh8 22.bxc5 Bxf1 23.Rxf1 bxc5 24.Qa4
Nb4 25.Qb3 Nxd5 26.Qxd5 Qe2 27.Bc3 c4 28.Qf5 Rce8 29.Re1 Qd3
30.Qxd3 cxd3 31.Rd1 Re3 32.Bf1 Rd8 33.Kg1 Re6 34.Kf2 Rc6 35.Bd2
Ra6 36.Ra1 Rc6 37.a4 Re6 38.Ra3 Red6 39.a5 g5 40.Rb3 R8d7 41.Ke3
Re6+ 42.Kf3 Red6 43.Bh3 Re7 44.Bf1 Red7 45.g4 Kg7 46.Rb4 Kg6
47.Ke3 h5 48.h3 Rd5 49.Rc4 Re5+ 50.Re4 Red5 51.Bg2 hxg4 52.hxg4
Kf7 53.Rc4 Re7+ 54.Re4 Red7 55.Bf3 a6 56.Bd1 Rb7 57.Ba4 Rc5 58.Be8+
Kg7 59.Re6 f5 60.gxf5 Rxf5 61.Bc3+ Kg8 62.Bg6 Rf8 63.Bxd3 1-0

[Event "It"]
[Site "Oslo (Norway)"]
[Date "1973.??.??"]
[Round "7"]
[White "Kristiansen Erling (NOR)"]
[Black "Westerinen Heikki M J (FIN)"]
[Result "0-1"]
[WhiteElo "2253"]
[BlackElo "2435"]
[Annotator ""]
[Source ""]
[Remark ""]

1.Nf3 Nf6 2.d4 g6 3.g3 Bg7 4.Bg2 O-O 5.O-O d6 6.c4 Bf5 7.Qb3
Qc8 8.Nh4 Be4 9.f3 Bc6 10.e4 Bd7 11.Be3 Nc6 12.d5 Ne5 13.f4 Neg4
14.Bd4 c5 15.dxc6 bxc6 16.Qd3 Qc7 17.c5 e5 18.fxe5 Nxe5 19.Qc3
Rfe8 20.Nd2 Rad8 21.Nc4 Nxc4 22.Bxf6 Bxf6 23.Qxf6 Be6 24.Nf5
Bxf5 25.exf5 Ne3 26.fxg6 hxg6 27.Rfe1 d5 28.Re2 Re6 29.Qg5 d4
30.Rae1 Rde8 31.Bh3 Re5 32.Qf4 Qd8 33.Rd2 Re4 34.Qd6 Nc4 35.Rxe4
Nxd6 36.Rexd4 Qf6 0-1

[Event "It"]
[Site "Oslo (Norway)"]
[Date "1973.??.??"]
[Round "8"]
[White "Kristinsson Jon (ISL)"]
[Black "Hoen Ragnar (NOR)"]
[Result "1/2-1/2"]
[WhiteElo "2290"]
[BlackElo "2385"]
[Annotator ""]
[Source ""]
[Remark ""]

1.d4 e6 2.c4 f5 3.g3 Nf6 4.Bg2 d5 5.Nf3 c6 6.O-O Bd6 7.b3 Qe7
8.Ne5 O-O 9.Bb2 b6 10.Nd2 Bb7 11.e3 Na6 12.Qe2 Rac8 13.Rfc1 c5
14.a3 Rfd8 15.Ndf3 Nb8 16.a4 Ne4 17.a5 Nc6 18.Nxc6 Bxc6 19.axb6
axb6 20.Nd2 Qb7 21.Nxe4 dxe4 22.Bf1 Ra8 23.Bc3 Qf7 24.Qb2 Qe7
25.Rd1 Rab8 26.dxc5 bxc5 27.Be5 Be8 28.Bxd6 Rxd6 29.Qe5 Rxd1
30.Rxd1 Rxb3 31.Rd6 Kf7 32.Qxc5 Rb1 33.Qd4 Ba4 34.Ra6 Rd1 35.Qe5
Qd7 36.Kg2 Bc6 37.Qb8 Kg6 38.Qb6 Rxf1 39.Qxc6 Rg1+ 40.Kxg1 Qd1+
41.Kg2 Qf3+ 1/2-1/2

[Event "It"]
[Site "Oslo (Norway)"]
[Date "1973.??.??"]
[Round "6"]
[White "Kristinsson Jon (ISL)"]
[Black "Kovacevic Vlatko (CRO)"]
[Result "1/2-1/2"]
[WhiteElo "2290"]
[BlackElo "2485"]
[Annotator ""]
[Source ""]
[Remark ""]

1.d4 Nf6 2.c4 e6 3.g3 d5 4.Bg2 dxc4 5.Qa4+ Nbd7 6.Nf3 a6 7.Qxc4
b5 8.Qc2 Bb7 9.a4 c5 10.O-O Rc8 11.axb5 axb5 12.dxc5 Bxc5 13.Qb3
b4 14.Be3 Bd5 15.Qd3 O-O 16.Nbd2 Bxe3 17.Qxe3 Rc2 18.Ne1 Rxb2
19.Qd4 Ra2 20.Rxa2 Bxa2 21.Qxb4 Qc7 22.Nd3 1/2-1/2

[Event "It"]
[Site "Oslo (Norway)"]
[Date "1973.??.??"]
[Round "4"]
[White "Kristinsson Jon (ISL)"]
[Black "Poulsson Eivind (NOR)"]
[Result "1/2-1/2"]
[WhiteElo "2290"]
[BlackElo "2340"]
[Annotator ""]
[Source ""]
[Remark ""]

1.d4 Nf6 2.c4 e6 3.Nf3 c5 4.Nc3 d5 5.cxd5 exd5 6.Bg5 Be6 7.e3
Nc6 8.Be2 Be7 9.O-O cxd4 10.Nxd4 O-O 11.Rc1 Rc8 12.Na4 Ne4 13.Nxc6
bxc6 14.Bxe7 Qxe7 15.Bd3 Bf5 16.Qc2 c5 17.Bxe4 Bxe4 18.Qc3 c4
19.f3 Bd3 20.Rfe1 Qd7 21.b3 cxb3 22.Qxd3 Qxa4 23.axb3 Qd7 24.Qd4
Qb7 25.b4 Rxc1 26.Rxc1 Rb8 27.Rc5 h6 28.Rxd5 Qxb4 29.Rd8+ Kh7
30.Qxb4 Rxb4 31.Rd7 Rb1+ 32.Kf2 Rb2+ 33.Kg3 Kg8 34.Rxa7 g6 35.e4
Re2 36.Ra4 Rb2 37.f4 Rb3+ 38.Kg4 Rb2 39.Kh3 Kg7 40.e5 Rb3+ 41.g3
Rb2 42.Ra7 Kg8 43.g4 Rb3+ 44.Kg2 Rb2+ 45.Kf3 Rb3+ 46.Kf2 Rb4
47.Ke3 Rb3+ 48.Kd2 Rb4 49.f5 gxf5 50.gxf5 Rb5 51.Re7 f6 52.Ke3
fxe5 53.Ke4 Rb2 54.f6 Rxh2 55.Kf5 Ra2 56.Re8+ Kf7 57.Re7+ Kf8
58.Rh7 e4 1/2-1/2

[Event "It"]
[Site "Oslo (Norway)"]
[Date "1973.??.??"]
[Round "2"]
[White "Kristinsson Jon (ISL)"]
[Black "Wibe Terje (NOR)"]
[Result "1-0"]
[WhiteElo "2290"]
[BlackElo "2310"]
[Annotator ""]
[Source ""]
[Remark ""]

1.d4 d5 2.c4 c6 3.Nf3 Nf6 4.e3 g6 5.Nc3 Bg7 6.Bd3 O-O 7.O-O Nbd7
8.b3 Re8 9.cxd5 cxd5 10.Bb2 a6 11.Na4 Ne4 12.Qc2 Ndf6 13.Nc5
Nd6 14.Ne5 Ng4 15.Rac1 Nh6 16.e4 dxe4 17.Bxe4 Nhf5 18.Bd5 e6
19.Bf3 Nb5 20.Nxb7 Qe7 21.Nc5 Nbxd4 22.Qe4 Nxf3+ 23.Qxf3 Qa7
24.Rfd1 Qb8 25.Nc6 Bb7 26.Bxg7 Bxc6 27.Qxc6 Kxg7 28.Nd7 Qb4 29.Rc4
Qb5 30.Qf3 Red8 31.Qc3+ e5 32.Rc7 Nd4 33.Rxd4 exd4 34.Qxd4+ Kg8
35.Nf6+ Kf8 36.Nxh7+ Kg8 37.Nf6+ Kf8 38.Nd7+ Kg8 39.h4 Rac8 40.Nf6+
Kh8 41.Nd5+ 1-0

[Event "It"]
[Site "Oslo (Norway)"]
[Date "1973.??.??"]
[Round "11"]
[White "Kristinsson Jon (ISL)"]
[Black "Zwaig Arne (NOR)"]
[Result "1/2-1/2"]
[WhiteElo "2290"]
[BlackElo "2439"]
[Annotator ""]
[Source ""]
[Remark ""]

1.c4 Nf6 2.Nc3 e6 3.Nf3 d5 4.d4 Be7 5.Bg5 O-O 6.e3 b6 7.Bd3 Bb7
8.Bxf6 Bxf6 9.cxd5 exd5 10.Qb3 c6 11.O-O Nd7 12.Rfe1 g6 13.Rad1
Bg7 14.e4 1/2-1/2

[Event "It"]
[Site "Oslo (Norway)"]
[Date "1973.??.??"]
[Round "2"]
[White "Lundin Erik (SWE)"]
[Black "Bednarski Jacek B (POL)"]
[Result "1-0"]
[WhiteElo "2375"]
[BlackElo "2400"]
[Annotator ""]
[Source ""]
[Remark ""]

1.d4 g6 2.c4 Bg7 3.g3 Nf6 4.Bg2 O-O 5.e4 c5 6.d5 d6 7.Nc3 Na6
8.Nf3 Nc7 9.O-O b5 10.cxb5 Rb8 11.a4 a6 12.e5 Nd7 13.exd6 exd6
14.bxa6 Bxa6 15.Re1 Nf6 16.Nd2 Rb4 17.Nde4 Nxe4 18.Rxe4 Rb6 19.h4
Qd7 20.h5 f5 21.Re1 Rb4 22.hxg6 hxg6 23.Ne2 Re8 24.Nf4 Rxe1+
25.Qxe1 Kf7 26.Nh3 Bf6 27.Qd2 Kg8 28.Nf4 Kf7 29.Ne6 Nxe6 30.dxe6+
Kxe6 31.Bd5+ Ke7 32.Qh6 Rd4 33.Qh7+ Kd8 34.Qxg6 Rxd5 35.Qg8+
Qe8 36.Qxd5 Qe1+ 37.Kh2 Qxf2+ 38.Qg2 Qxg2+ 39.Kxg2 Kd7 40.Ra3
d5 41.Rf3 Ke6 42.Rb3 Bd8 43.Bg5 Bc7 44.Bf4 Ba5 45.Re3+ Kf6 46.Be5+
Kf7 47.Bd6 Bb4 48.Re7+ Kf6 49.Rc7 d4 50.Bxc5 Bxc5 51.Rxc5 d3
52.Rc1 Ke5 53.Kf2 Ke4 54.Rd1 Bc4 55.Rd2 1-0

[Event "It"]
[Site "Oslo (Norway)"]
[Date "1973.??.??"]
[Round "4"]
[White "Lundin Erik (SWE)"]
[Black "Kristiansen Erling (NOR)"]
[Result "1/2-1/2"]
[WhiteElo "2375"]
[BlackElo "2253"]
[Annotator ""]
[Source ""]
[Remark ""]

1.d4 Nf6 2.c4 g6 3.g3 Bg7 4.Bg2 O-O 5.Nc3 d6 6.e4 c6 7.Nge2 Nbd7
8.O-O e5 9.d5 cxd5 10.cxd5 Ne8 11.Be3 f5 12.exf5 gxf5 13.f4 Ndf6
14.h3 Qe7 15.Qd2 Bd7 16.fxe5 dxe5 17.d6 Nxd6 18.Bc5 Nc4 19.Bxe7
Nxd2 20.Rfd1 Bh6 21.Nd5 Nfe4 22.Bxf8 Rxf8 23.Rac1 Be6 24.Ne7+
Kf7 25.Rc7 Kf6 26.Rxb7 Bxa2 27.Kh2 Be3 28.Nc3 Nxc3 29.bxc3 e4
30.Ra1 Bc4 31.Nc6 Bd5 32.Ra6 Bb6 33.Nxa7 Bxb7 34.Rxb6+ Kg5 35.Rxb7
Re8 36.Nb5 e3 37.Nd4 e2 38.h4+ Kg6 39.Rb6+ Kg7 40.Rb7+ Kg6 41.Nxe2
Rxe2 42.Rb6+ Kg7 43.Kh3 Re3 44.h5 f4 45.h6+ Kf7 46.Bd5+ Ke7 47.c4
Rxg3+ 48.Kh4 Nf3+ 49.Bxf3 Rxf3 50.Rb7+ Kf6 51.Rxh7 Kg6 52.Kg4
Rf1 53.Rh8 f3 54.Kg3 f2 55.Rc8 Kxh6 56.c5 Kg7 57.c6 Kf7 58.c7
Rc1 59.Kxf2 Ke7 1/2-1/2

[Event "It"]
[Site "Oslo (Norway)"]
[Date "1973.??.??"]
[Round "9"]
[White "Lundin Erik (SWE)"]
[Black "Kristinsson Jon (ISL)"]
[Result "1/2-1/2"]
[WhiteElo "2375"]
[BlackElo "2290"]
[Annotator ""]
[Source ""]
[Remark ""]

1.d4 Nf6 2.c4 g6 3.Nf3 Bg7 4.Nc3 d5 5.e3 O-O 6.Be2 c5 7.O-O cxd4
8.exd4 Nc6 9.h3 Bf5 10.Be3 dxc4 11.Bxc4 Rc8 12.Rc1 Na5 13.Be2
Nd5 14.Nxd5 Qxd5 15.b3 Rxc1 16.Qxc1 Rc8 17.Qa3 Nc6 18.Rd1 Qa5 1/2-1/2

[Event "It"]
[Site "Oslo (Norway)"]
[Date "1973.??.??"]
[Round "6"]
[White "Lundin Erik (SWE)"]
[Black "Ogaard Leif (NOR)"]
[Result "1-0"]
[WhiteElo "2375"]
[BlackElo "2414"]
[Annotator ""]
[Source ""]
[Remark ""]

1.d4 Nf6 2.c4 c5 3.d5 e6 4.Nc3 exd5 5.cxd5 d6 6.e4 g6 7.Bb5+
Nbd7 8.Nf3 Bg7 9.Bf4 a6 10.Bxd7+ Qxd7 11.O-O O-O 12.h3 b5 13.Qc2
Bb7 14.Rad1 Rfe8 15.Rfe1 Rad8 16.Bh2 Qc7 17.a4 Qb6 18.axb5 axb5
19.Qb3 Ba6 20.e5 c4 21.Qc2 dxe5 22.Bxe5 b4 23.Na4 Qb5 24.d6 b3
25.Qc3 Rxe5 26.Nxe5 Qxa4 27.Qf3 Qb5 28.Qc6 Qb7 29.Ra1 Nd7 30.Rxa6
Qb4 31.Qe4 Nxe5 32.Rd1 Nd3 33.Rxd3 Qb5 34.Ra8 Rxa8 35.Qxa8+ Bf8
36.d7 cxd3 37.d8Q Qc5 38.Qxd3 Qc1+ 39.Kh2 Qxb2 40.Qaf3 1-0

[Event "It"]
[Site "Oslo (Norway)"]
[Date "1973.??.??"]
[Round "11"]
[White "Lundin Erik (SWE)"]
[Black "Westerinen Heikki M J (FIN)"]
[Result "0-1"]
[WhiteElo "2375"]
[BlackElo "2435"]
[Annotator ""]
[Source ""]
[Remark ""]

1.d4 g6 2.c4 Bg7 3.g3 Nf6 4.Bg2 O-O 5.Nf3 d6 6.O-O Bf5 7.Nc3
Qc8 8.Re1 Re8 9.e4 Bg4 10.Be3 Nc6 11.Qd2 a6 12.Rab1 e5 13.dxe5
dxe5 14.Bg5 Bxf3 15.Bxf3 Nd4 16.Bg2 c6 17.Ne2 Ne6 18.Be3 Rd8
19.Qa5 Rd3 20.Nc1 Rd7 21.h3 Nd4 22.Qc3 b5 23.Nd3 Nh5 24.Rbc1
Qf8 25.b4 f5 26.Nc5 Rf7 27.exf5 Rxf5 28.cxb5 axb5 29.Bxd4 exd4
30.Qb3+ Kh8 31.Nd3 Rf6 32.Rxc6 Re8 33.Rxe8 Qxe8 34.Qc2 Rf8 35.Ra6
Qd7 36.Qc5 Nf6 37.Ra7 Qf5 38.Qxb5 Qxb5 0-1

[Event "It"]
[Site "Oslo (Norway)"]
[Date "1973.??.??"]
[Round "11"]
[White "Ogaard Leif (NOR)"]
[Black "Bednarski Jacek B (POL)"]
[Result "0-1"]
[WhiteElo "2414"]
[BlackElo "2400"]
[Annotator ""]
[Source ""]
[Remark ""]

1.d4 Nf6 2.c4 d6 3.Nc3 g6 4.Nf3 Bg7 5.Bf4 O-O 6.e3 c6 7.Be2 a6
8.O-O b5 9.a3 bxc4 10.Bxc4 a5 11.Rc1 Nfd7 12.Qe2 Nb6 13.Bd3 Ba6
14.Rc2 Qd7 15.Rfc1 Rc8 16.Ne4 a4 17.Bg3 Qb7 18.Ne1 Nd5 19.h4
Nd7 20.Bxd6 Bxd3 21.Nxd3 exd6 22.Nxd6 Qa6 23.Nxc8 Rxc8 24.e4
Ne7 25.Qe3 Re8 26.Nc5 Nxc5 27.Rxc5 Nf5 28.Qe1 Nxd4 29.Ra5 Qb6
30.Rxa4 Qxb2 31.Rd1 c5 32.Ra7 h5 33.Qe3 Qb6 34.Rd7 Qf6 35.g3
Qc6 36.Rd5 f5 37.Qd3 fxe4 38.Qc4 Nf3+ 39.Kg2 Kh7 40.Rxc5 Qa8
41.Qd5 Qxa3 42.Rc7 Re7 43.Rxe7 Qxe7 44.Rb1 Qf6 45.Rc1 Qb2 46.Rd1
Qe2 47.Rc1 Ne1+ 48.Kg1 e3 0-1

[Event "It"]
[Site "Oslo (Norway)"]
[Date "1973.??.??"]
[Round "5"]
[White "Ogaard Leif (NOR)"]
[Black "Hoen Ragnar (NOR)"]
[Result "1-0"]
[WhiteElo "2414"]
[BlackElo "2385"]
[Annotator ""]
[Source ""]
[Remark ""]

1.Nf3 c5 2.c4 Nc6 3.Nc3 g6 4.e3 Bg7 5.d4 cxd4 6.exd4 d6 7.h3
Nf6 8.d5 Nb8 9.Be3 O-O 10.Be2 e5 11.dxe6 Bxe6 12.Nd4 Nc6 13.Nxe6
fxe6 14.O-O d5 15.Bg5 d4 16.Ne4 Qb6 17.Bxf6 Bxf6 18.Rb1 Be7 19.b4
Rad8 20.Bd3 Qc7 21.c5 Ne5 22.Qe2 Rf4 23.Nd2 Kg7 24.Rfe1 Nxd3
25.Qxd3 e5 26.Re2 Bf6 27.Ne4 Be7 28.Rc2 Qc6 29.f3 a6 30.a3 Rd7
31.Re2 Rf7 32.Nd2 Rf5 33.Nc4 Qe6 34.Rbe1 Bf6 35.Re4 h5 36.f4
Qc6 37.fxe5 Bg5 38.e6 Re7 39.Qxd4+ Bf6 40.Qd3 Qb5 41.Qd2 Qc6
42.Qd6 Qa4 43.Ne3 Rg5 44.h4 1-0